The first part last / (Record no. 3573)

MARC details
000 -LEADER
fixed length control field 00699nam a22002417a 4500
001 - CONTROL NUMBER
control field 3573
003 - CONTROL NUMBER IDENTIFIER
control field FISKH
005 - DATE AND TIME OF LATEST TRANSACTION
control field 20240321145726.0
008 - FIXED-LENGTH DATA ELEMENTS--GENERAL INFORMATION
fixed length control field 240321b cb ||||| |||| 00| 0 eng d
040 ## - CATALOGING SOURCE
Original cataloging agency FISK
Language of cataloging eng
Transcribing agency FISK
Modifying agency FISK
050 ## - LIBRARY OF CONGRESS CALL NUMBER
Classification number PZ7.J629
082 ## - DEWEY DECIMAL CLASSIFICATION NUMBER
Classification number 662
100 ## - MAIN ENTRY--PERSONAL NAME
Personal name Johnson Angela
Dates associated with a name 1982-
245 ## - TITLE STATEMENT
Title The first part last /
Statement of responsibility, etc. Angela Johnson
260 ## - PUBLICATION, DISTRIBUTION, ETC.
Place of publication, distribution, etc. New York :
Name of publisher, distributor, etc. Simon Pulse,
Date of publication, distribution, etc. 2005
300 ## - PHYSICAL DESCRIPTION
Extent 132 pages :
Dimensions 19 cm
505 ## - FORMATTED CONTENTS NOTE
Formatted contents note M
520 ## - SUMMARY, ETC.
Summary, etc. Bobby's carefree teenage life changes forever when he becomes a father and must care for his adored baby daughter.
521 8# - TARGET AUDIENCE NOTE
Target audience note 790
Source Lexile
700 ## - ADDED ENTRY--PERSONAL NAME
Personal name Angela Johnson
942 ## - ADDED ENTRY ELEMENTS (KOHA)
Source of classification or shelving scheme Dewey Decimal Classification
Koha item type Books
Suppress in OPAC No
Holdings
Withdrawn status Lost status Source of classification or shelving scheme Damaged status Not for loan Collection Home library Current library Shelving location Date acquired Total Checkouts Full call number Barcode Date last seen Copy number Price effective from Koha item type
    Dewey Decimal Classification     Fiction Footprints International School Library Network Toul Kork Campus Footprints International School Library Network Toul Kork Campus TTP Secondary Fiction Bookshelves 03/21/2024   JOH PZ7.J629 662 2024-0375 03/21/2024 1 03/21/2024 Books